| 000 | 00842nac a22002531i 4500 | ||
|---|---|---|---|
| 003 | EG-ScBUE | ||
| 005 | 20260312094818.0 | ||
| 008 | 260120t1968 njua f b 001 0 eng d | ||
| 040 |
_aEG-ScBUE _beng _erda _cEG-ScBUE _dEG-ScBUE |
||
| 082 | 0 | 4 |
_a552 _bBAY _222 |
| 100 | 1 |
_aBayly, M. Brian, _d1929- _eauthor. |
|
| 245 | 1 | 0 |
_aIntroduction to petrology / _cBrian Bayly, Rensselaer Polytechnic Institute. |
| 264 | 1 |
_aEnglewood Cliffs, New Jersey, _bPrentice-Hall, Inc., _c[1968] |
|
| 264 | 4 | _cc1968 | |
| 300 |
_axix, 371 pages : _billustrations ; _c24 cm |
||
| 336 |
_2rdacontent _atext _btxt |
||
| 337 |
_aunmediated _2rdamedia _bn |
||
| 338 |
_avolume _bnc _2rdacarrier |
||
| 500 | _aIncludes Appendices. | ||
| 504 | _aIncludes bibliographical references and index. | ||
| 650 | 7 |
_aPetrology. _2BUEsh |
|
| 655 | _vReading book | ||
| 942 |
_cBB _2ddc |
||
| 999 |
_c6518 _d6518 |
||